| 000 | 01523nam a22001577a 4500 | ||
|---|---|---|---|
| 041 | _aukr | ||
| 080 | _a09 | ||
| 090 | _bГОР | ||
| 100 | _aГорчак Р. М. | ||
| 245 | _aОсобливості етикету у віртуальній англомовній комунікації | ||
| 260 |
_aОстрог _bКАФ _c2012 |
||
| 300 | _a75 | ||
| 520 |
_aРОЗДІЛ 1 ЕТИКЕТ В МЕРЕЖІ ІНТЕРНЕТ
1.1 Поняття дискурсу у сучасній лінгвістиці.
1.2 Таксономія віртуальних середовищ.
1.3 Чатлайнова комунікація як різновид віртуальної комунікації.
1.4 Поняття етикету, мовленнєвого етикету і нетикету.
1.5 Функції етикету у спілкуванні.
РОЗДІЛ 2 НЕТИКЕТ ЯК ЧИННИК ЕФЕКТИВНОЇ ВІРТУАЛЬНОЇ АНГЛОМОВНОЇ КОМУНІКАЦІЇ
2.1 Невербальні компоненти нетикету.
2.2 Роль акронімів у віртуальній комунікації.
2.3 Етикет і особливості утворення віртуальних товариств.
2.4 Тематика віртуальних дискусій.
2.5 Стратегії і тактики спонтанної віртуальної комунікації. _0мовна комунікація, етикет, Інтернет |
||
| 650 | _aResearch Papers | ||
| 999 |
_c285001 _d285001 |
||
| 942 | _cBK | ||